000 00856nam0a2200241 4500
001 RU\NLR\BIBL_A\010721328
005 20260405223841.0
035 _a(NLR Aleph) 010721328
090 _a9821684
_c9821684
100 _a20150407d1994 |||y0rusy50 ca
101 0 _asah
102 _aRU
105 _ay z 000 y
200 1 _aЭкология эһиэкэйэ
_e(үҥкүү тыллара)
_fНиколай Петров
210 _aЯкутскай
_cБ. и.
_d1994
215 _a87,[2] с.
_d20
541 1 _aЭкологические поэмы
_zrus
686 1 _aШ6(2=Я)7-5
700 1 _4070
_8rus
_7ca
_aПетров
_bН. Е.
_cд-р филол. наук, тюрколог
_f1929-
_gНиколай Егорович
_3RU\NLR\AUTH\77101998
_984924
852 _aNLR
_bОНЛ
_jЯкут./2-2792
942 _cBOOK
980 _aNB